[Event "70th RUS-ch Superfinal Men 2017"]
[Site "St. Petersburg"]
[Date "2017.12.04"]
[Round "2"]
[White "Sjugirov, Sanan"]
[Black "Matlakov, Maxim"]
[Result "1/2-1/2"]
[WhiteElo "2650"]
[BlackElo "2735"]
[Annotator "TA"]
[PlyCount "80"]
[EventDate "2017.??.??"]
[EventType "tourn"]
[EventCountry "RUS"]
[SourceTitle "playchess.com"]
[Source "ChessBase"]
[SourceQuality "1"]

{[%evp 24,80,0,4,16,5,7,0,0,0,0,0,0,0,0,0,7,0,16,-47,-14,-20,-26,-22,-21,-9,-9,-58,-61,-72,-74,-76,-80,-80,-82,-65,-33,-24,-19,-50,-56,-53,-18,-18,12,12,12,12,12,12,12,4,8,0,12,0,10,0,12]} 1. e4 e5 2. Nf3 Nc6 3. Bb5 a6 4. Ba4 Nf6 5. O-O Be7 6. d3 b5 7. Bb3 d6 8. a4 Bd7 9. c3 Na5 10. Bc2 c5 11. Nbd2 O-O 12. Re1 {C55: Two Knights: 4 d3, 4 d4 exd4 5 e5 and Max Lange Attack} Nc6 (12... h6 13. Nf1 Nc6 14. Ne3 Be6 15. d4 cxd4 16. cxd4 Nxd4 17. Nxd4 exd4 18. Qxd4 Qc7 19. axb5 axb5 {½-½ (47) Kryvoruchko,Y (2710)-Yu,Y (2750) China 2017}) 13. Nf1 {LiveBook: 17 Games} b4 14. Ne3 Rb8 15. d4 bxc3 16. bxc3 cxd4 17. cxd4 Re8 $146 ({Predecessor:} 17... Qc7 18. Ba3 Nb4 19. Bb3 Ng4 20. Rc1 {1-0 (37) Ivkov,B (2520)-Prameshuber,A Moscow 1956}) 18. Ba3 exd4 19. Nxd4 Nb4 20. Ndf5 Bf8 21. Bb1 (21. Bxb4 $11 Rxb4 22. Qd2 (22. Nxd6 Re6 $11)) 21... Bc6 ({Much worse is} 21... Nxe4 $6 22. Qg4 $16) 22. Qd4 a5 23. Bb2 Bxe4 24. Nh6+ gxh6 25. Ng4 (25. Bxe4 {keeps more tension.} Rxe4 26. Qxf6 Qxf6 27. Bxf6 d5 28. Red1) 25... Nbd5 {[#] ...Bxb1 is the strong threat.} 26. Bxe4 Rxe4 27. Nxf6+ Nxf6 28. Qxf6 Qxf6 29. Bxf6 Rf4 30. Bc3 $1 Bg7 31. Bxg7 Kxg7 $11 {[%mdl 4096] Endgame KRR-KRR} 32. g3 $1 {[%cal Rg3f4]} Rd4 33. Re7 {The position is equal.} Rb2 34. Ra3 $1 Rb8 35. Ra7 Rd5 36. Rf3 Rf8 37. Rb3 Rc8 38. Rf3 Rf8 39. Rb3 Rc8 40. Rf3 Rf8 {Precision: White = 50%, Black = 74%.} 1/2-1/2

[Event "70th RUS-ch Superfinal Men 2017"]
[Site "St. Petersburg"]
[Date "2017.12.04"]
[Round "2"]
[White "Romanov, Evgeny"]
[Black "Vitiugov, Nikita"]
[Result "0-1"]
[WhiteElo "2626"]
[BlackElo "2722"]
[Annotator "TA"]
[PlyCount "68"]
[EventDate "2017.??.??"]
[EventType "tourn"]
[EventCountry "RUS"]
[SourceTitle "playchess.com"]
[Source "ChessBase"]
[SourceQuality "1"]

{[%evp 22,68,13,16,20,23,10,0,12,0,64,0,47,56,55,39,43,47,58,56,53,-33,-36,-18,-35,-40,-52,-52,-66,-143,-129,-354,-352,-327,-351,-416,-400,-386,-411,-443,-438,-439,-436,-445,-435,-546,-543,-586,-579]} 1. c4 Nf6 2. Nc3 e5 3. Nf3 Nc6 4. g3 Bc5 5. Bg2 d6 6. O-O a6 7. e3 O-O 8. Qc2 {A29: English Opening: Four Knights Variation with 4 g3} Ba7 9. a3 h6 10. b4 Be6 11. d3 Qd7 12. Bb2 {LiveBook: 4 Games} Rae8 $146 ({Predecessor:} 12... Ne7 13. Rfd1 Bh3 14. Bh1 Nf5 15. c5 Rfe8 {½-½ (61) Bareev,E (2667)-Stocek,J (2591) Rijeka 2010}) 13. Rac1 Nh7 14. Ne2 Bg4 15. c5 Qf5 (15... Re7 $11) 16. Ne1 (16. Nh4 $14 Qh5 17. f3) 16... Ng5 17. f3 Bh3 18. f4 Bxg2 19. Nxg2 Nh3+ 20. Kh1 Qh5 21. f5 (21. d4 $14) 21... dxc5 $15 22. bxc5 {[#]} Bxc5 $1 {[%mdl 512]} 23. Qd2 (23. Qxc5 Qxe2) 23... Bd6 24. Rc4 {[#] aiming for Rh4.} e4 $1 {[%mdl 512]} 25. dxe4 {[#]} (25. Qc2 $1 $15) (25. Rxe4 Rxe4) 25... Ng5 $1 $40 {[%cal Bh3g5,Bg5f3,Bf3d2][%mdl 160] Threatens to win with ...Nf3. Black attacks with force.} 26. Ngf4 $2 (26. Qc2 $17) 26... Nf3 $19 {[%csl Gf3][%cal Rh5h2]} 27. Nxh5 Nxd2 28. Rxc6 bxc6 29. Rc1 Be5 30. Bxe5 Rxe5 {Black is clearly winning.} 31. Rxc6 Nxe4 32. Nd4 Nd6 33. g4 Rxe3 34. Rxc7 Rb8 {Precision: White = 27%, Black = 73%.} 0-1

[Event "70th RUS-ch Superfinal Men 2017"]
[Site "St. Petersburg"]
[Date "2017.12.05"]
[Round "3"]
[White "Matlakov, Maxim"]
[Black "Inarkiev, Ernesto"]
[Result "1/2-1/2"]
[WhiteElo "2735"]
[BlackElo "2689"]
[Annotator "TA"]
[PlyCount "118"]
[EventDate "2017.??.??"]
[EventType "tourn"]
[EventCountry "RUS"]
[SourceTitle "playchess.com"]
[Source "ChessBase"]
[SourceQuality "1"]

{[%evp 15,118,3,16,0,20,11,8,11,24,18,19,-2,52,54,48,48,30,0,34,18,62,14,29,34,28,27,71,0,0,0,0,-27,-9,-10,0,-1,-2,-43,-42,-50,-30,-41,-50,-42,0,0,368,35,445,353,354,352,412,420,394,398,364,250,252,273,262,269,245,243,242,205,350,344,250,141,164,176,157,0,0,0,0,0,0,0,0,0,0,0,0,0,0,0,0,0,0,0,0,0,0,0,0,0,0,0,0,0,0,0,0]} 1. d4 Nf6 2. c4 e6 3. Nf3 d5 4. g3 Bb4+ 5. Bd2 Be7 6. Bg2 O-O 7. O-O c6 8. Bc3 {E11: Bogo-Indian} (8. Qc2 Nbd7 9. Rd1 Ne4 10. Bf4 g5 11. Be3 f5 12. Nc3 Nd6 13. b3 Bf6 14. Qc1 h6 15. h4 Nf7 16. hxg5 hxg5 17. Na4 Qe7 {1-0 (36) Giri,A (2771)-Carlsen,M (2832) Leuven 2017}) 8... dxc4 {LiveBook: 4 Games} 9. a4 c5 $146 ({Predecessor:} 9... b5 10. axb5 cxb5 11. Ba5 Qe8 12. Ne5 Nd5 13. b3 cxb3 14. Qxb3 Bb7 15. Nc3 Nxc3 16. Bxb7 Nxe2+ {1-0 (52) Beikert,G (2415)-Zeller,F (2290) Bad Wildbad 1993}) 10. Nbd2 Nd5 11. Nxc4 b6 12. dxc5 Bxc5 13. Bd4 Na6 ({Better is} 13... Nc6 $11) 14. Qb3 $14 Bb7 15. Rfd1 Qe7 16. a5 Rab8 17. e4 b5 18. Qxb5 Ndc7 19. Qa4 Bxe4 20. Nce5 Nb5 21. Bxc5 (21. Be3 $16 Bd5 22. Rxd5 exd5 23. Nc6) 21... Nxc5 $11 22. Qb4 Nc7 $1 $36 {[%mdl 2048] Black has some pressure.} 23. Qe1 Rxb2 24. Rac1 {Black must now prevent Qc3.} Nd5 25. Rc4 f5 26. Nd4 Bxg2 27. Kxg2 Ne4 28. Nd3 $1 {[%cal Rd3b2]} Ra2 29. Kg1 Qd7 30. Nc5 Qc8 $2 {[%mdl 8192]} (30... Qf7 $11 31. Ndxe6 Nxf2 32. Rxd5 Nh3+ 33. Kh1 (33. Kf1 Rxh2 34. Qe5 f4 $11) 33... Nf2+ 34. Kg1 Nh3+ 35. Kf1 Rxh2) 31. Ndxe6 $2 (31. Nxe4 $18 Qxc4 32. Nd6) 31... Nxf2 $2 {[%mdl 8192]} (31... Qc6 $1 $14 32. Nxe4 (32. Nxf8 Ng5 $17) 32... Qxe6 33. Nf6+ Qxf6 34. Rxd5 Ra1) 32. Rd2 Nh3+ 33. Kg2 Qc6 34. Kxh3 Rxd2 35. Qxd2 Rf6 36. Rd4 Rh6+ 37. Rh4 Rxe6 38. Nxe6 Qxe6 $18 {[%mdl 4096] Endgame [#] KQR-KQN} 39. Rd4 $1 {[%cal Rd4d5]} Nf6 40. Rd6 Qe5 (40... Qc4 {was called for.} 41. Qd3 Qc7 42. Qb3+ Kh8) 41. Qa2+ ({Weaker is} 41. Rd8+ Kf7 $16) 41... Kf8 42. Rd8+ (42. Rc6 $18) 42... Ke7 $16 43. Ra8 Qe3 44. Rb8 $2 (44. Qc2 $16) 44... Ng4 $11 {[#] ( -> ...Qh6+). The position is equal.} 45. Kg2 {Threatens to win with Rb7+.} Qe4+ $1 46. Kg1 $1 {aiming for Qa3+.} Qd4+ 47. Kh1 {Strongly threatening Rb7+.} Qd1+ 48. Kg2 Ne3+ 49. Kf2 Ng4+ 50. Kg2 Ne3+ 51. Kf2 Nc2 52. Rb7+ Kd6 {...Qe1+ is the strong threat.} 53. Rb1 Qd2+ 54. Kg1 {Hoping for Qb3.} Qd4+ 55. Kh1 Qe4+ 56. Kg1 Qe3+ 57. Kh1 Qf3+ 58. Kg1 Qe3+ 59. Kh1 Qf3+ {Precision: White = 63%, Black = 46%.} 1/2-1/2

[Event "70th RUS-ch Superfinal Men 2017"]
[Site "St. Petersburg"]
[Date "2017.12.05"]
[Round "3"]
[White "Vitiugov, Nikita"]
[Black "Riazantsev, Alexander"]
[Result "1/2-1/2"]
[WhiteElo "2722"]
[BlackElo "2650"]
[Annotator "TA"]
[PlyCount "54"]
[EventDate "2017.??.??"]
[EventType "tourn"]
[EventCountry "RUS"]
[SourceTitle "playchess.com"]
[Source "ChessBase"]
[SourceQuality "1"]

{[%evp 19,54,28,25,0,0,0,0,-14,-19,-19,-16,-12,-7,-12,-7,-7,-4,-5,-5,-9,-7,-4,-6,-6,0,0,0,0,0,0,0,0,0,0,0,0,0]} 1. d4 Nf6 2. c4 e6 3. g3 d5 4. Bg2 Be7 5. Nf3 O-O 6. O-O dxc4 7. Qc2 c6 8. Qxc4 b5 9. Qc2 Bb7 10. Bg5 Nbd7 {LiveBook: 4 Games} 11. Nbd2 {D30: Queen's Gambit Declined: Systems without Nc3} (11. Nc3 h6 12. Bf4 Qb6 13. a4 b4 14. a5 Qa6 15. Na4 Qxa5 16. Nd2 Qb5 17. Nc4 c5 18. Bxb7 Qxb7 19. Bd6 {1-0 (80) Klekowski,M (2418)-Ypma,P (2223) Groningen 2014}) 11... c5 $146 {The position is equal.} ({Predecessor:} 11... Rc8 12. Bxf6 gxf6 13. a4 b4 14. Rfd1 c5 15. Ng5 fxg5 16. Bxb7 Rc7 17. Qe4 Nf6 18. Qg2 Qxd4 {0-1 (32) Bodicker,R (2080)-Timmermans,I (2223) Vlissingen 2009}) 12. Bxf6 gxf6 13. Rac1 Qb6 14. dxc5 Nxc5 15. Nb3 {[%cal Rb3c5]} Be4 (15... Rac8 {is interesting.} 16. Nxc5 Rxc5 17. Qd2 Rfc8 18. b3 Be4) 16. Qc3 {[%cal Rb3c5]} Nxb3 17. Qxb3 Rac8 18. Nh4 Bg6 19. e3 Rfd8 20. Nxg6 hxg6 21. Rfd1 Rxd1+ (21... Rxc1 {seems wilder.} 22. Rxc1 Kg7 23. Rd1 Rc8 24. h4 a6) 22. Qxd1 Rxc1 23. Qxc1 Kg7 24. a3 b4 25. axb4 Bxb4 26. Bf1 Qc5 27. Qxc5 Bxc5 {Precision: White = 71%, Black = 69%.} 1/2-1/2

[Event "70th RUS-ch Superfinal Men 2017"]
[Site "St. Petersburg"]
[Date "2017.12.05"]
[Round "3"]
[White "Fedoseev, Vladimir"]
[Black "Sjugirov, Sanan"]
[Result "1-0"]
[WhiteElo "2718"]
[BlackElo "2650"]
[Annotator "TA"]
[PlyCount "81"]
[EventDate "2017.??.??"]
[EventType "tourn"]
[EventCountry "RUS"]
[SourceTitle "playchess.com"]
[Source "ChessBase"]
[SourceQuality "1"]

{[%evp 15,81,0,0,0,0,-6,12,8,8,10,5,-28,-10,-10,0,0,0,0,4,4,6,4,2,2,10,7,47,9,8,0,2,0,0,0,0,0,1,17,90,82,214,214,214,214,214,214,215,203,271,281,285,266,264,261,526,525,485,471,471,502,1233,1013,1500,1466,5106,5110,4718,4134]} 1. d4 Nf6 2. c4 e6 3. Nf3 d5 4. g3 Bb4+ 5. Bd2 Be7 6. Bg2 O-O 7. O-O c6 8. Bc3 Ne4 9. e3 $146 {E11: Bogo-Indian} ({Predecessor:} 9. Nbd2 Nxc3 10. bxc3 Nd7 11. e4 dxe4 12. Nxe4 f5 13. Ned2 Bf6 14. Re1 Re8 15. c5 e5 16. Qb3+ Kh8 {1-0 (40) Wahlund,M (2127)-Kucuksari,K (2337) Vaxjo 2017}) 9... Nd7 10. Nfd2 Ndf6 11. a3 {The position is equal.} b6 12. b4 a5 13. c5 axb4 14. axb4 Rxa1 15. Bxa1 Ba6 16. Re1 bxc5 17. dxc5 Qb8 18. Nxe4 dxe4 19. Qa4 Bb5 20. Qb3 Rd8 21. Bxf6 Bxf6 22. Bxe4 Qe5 23. Bc2 g6 24. Na3 {[%cal Bb1a3,Ba3c4,Bc4d6][%mdl 32]} Ba6 $1 25. Rb1 Be2 26. Nc4 $36 {[%mdl 2048] White is pushing.} Qh5 (26... Qd5 $11 27. Nd6 Be5) 27. Be4 $16 Qg4 {[#]} (27... Bxc4 $16 28. Qxc4 Rd1+ 29. Rxd1 Qxd1+ 30. Kg2 Qa4) 28. Nd6 $1 $18 Rxd6 29. f3 $1 {[%cal Rf3g4]} Bxf3 30. Bxf3 Qxf3 31. cxd6 {[%mdl 4096] Endgame KQR-KQB} Qe2 32. Rf1 Bg5 {[#]} 33. Qd1 $1 {[%cal Rd1e2]} Qxe3+ 34. Kg2 Qe5 $2 (34... Qa7 {is a better defense.} 35. Qc2 Qa8) 35. h4 {White is clearly winning.} Bd8 36. Qf3 f5 37. Qxc6 Qf6 (37... Kf8 $142 38. b5 Qe3) 38. b5 Kg7 39. Rf2 g5 40. hxg5 Qxg5 41. Qd7+ {Precision: White = 77%, Black = 33%.} 1-0

[Event "70th RUS-ch Superfinal Men 2017"]
[Site "St. Petersburg"]
[Date "2017.12.05"]
[Round "3"]
[White "Malakhov, Vladimir"]
[Black "Tomashevsky, Evgeny"]
[Result "1/2-1/2"]
[WhiteElo "2686"]
[BlackElo "2713"]
[Annotator "TA"]
[PlyCount "59"]
[EventDate "2017.??.??"]
[EventType "tourn"]
[EventCountry "RUS"]
[SourceTitle "playchess.com"]
[Source "ChessBase"]
[SourceQuality "1"]

{[%evp 20,59,8,3,23,7,11,12,19,0,0,12,8,0,0,0,-8,-4,-16,-8,-8,-28,-3,-3,-2,-12,-12,-10,-18,-20,-2,-14,0,-21,-3,-25,-23,-20,0,-23,0,-18]} 1. g3 d5 2. Nf3 c6 3. Bg2 Bg4 4. O-O Nd7 5. d4 Ngf6 6. c4 e6 7. h3 {D11: Slav Defence: 3 Nf3 sidelines and 3...Nf6 4 e3 Bg4} Bh5 8. cxd5 exd5 (8... cxd5 9. Nc3 Be7 10. Qb3 Bxf3 11. Bxf3 Qb6 12. Qxb6 Nxb6 {0-1 (50) Malakhov,V (2712)-Laznicka,V (2672) Chartres 2017}) 9. Qb3 Qb6 10. Qe3+ Be7 11. Nh4 {[#] LiveBook: 12 Games. Black must now prevent Nf5.} Bg6 12. Nc3 Qd8 13. Nxg6 hxg6 14. b4 $146 b5 15. a4 a5 {[%cal Ba7a5,Ba5b4][%mdl 32]} 16. axb5 axb4 17. Rxa8 Qxa8 18. Nb1 {[%cal Bc3b1,Bb1d2,Bd2b3][%mdl 32]} (18. bxc6 {looks sharper.} Qxc6 19. Nb1 Ne4 20. Nd2 Ndf6 21. Nxe4 Nxe4 22. Bb2) 18... cxb5 19. Bd2 {[#] Threatens to win with Bxb4.} Ne4 20. Qb3 Nxd2 21. Nxd2 Nb6 22. Qd3 Nc4 23. Nb3 O-O 24. Ra1 Qb7 25. h4 Rc8 26. Bh3 Rd8 27. Ra2 Na3 28. Ra1 Nc4 29. Ra2 Na3 30. Ra1 {Precision: White = 50%, Black = 53%.} 1/2-1/2

[Event "70th RUS-ch Superfinal Men 2017"]
[Site "St. Petersburg"]
[Date "2017.12.05"]
[Round "3"]
[White "Dubov, Daniil"]
[Black "Romanov, Evgeny"]
[Result "1-0"]
[WhiteElo "2683"]
[BlackElo "2626"]
[Annotator "TA"]
[PlyCount "165"]
[EventDate "2017.??.??"]
[EventType "tourn"]
[EventCountry "RUS"]
[SourceTitle "playchess.com"]
[Source "ChessBase"]
[SourceQuality "1"]

{[%evp 17,165,4,21,16,20,21,20,16,20,13,14,14,15,0,0,0,0,0,0,-20,-8,-29,-27,-37,-9,-31,0,0,0,-11,40,7,5,0,7,7,10,4,4,0,11,0,10,1,6,0,0,-11,7,7,7,7,7,7,7,1,2,0,8,9,10,12,11,4,16,16,22,29,29,14,31,5,5,6,14,14,14,14,16,0,16,16,16,16,17,17,35,35,35,35,93,93,77,77,106,39,117,106,106,99,99,99,99,99,116,110,177,177,177,177,177,177,177,177,180,180,177,156,177,138,276,276,276,276,243,236,276,276,276,268,268,266,268,268,268,262,261,254,247,239,223,210,373,346,472,463,1000,950,880,848]} 1. c4 e5 2. Nc3 Nf6 3. Nf3 Nc6 4. g3 Bb4 5. Bg2 O-O 6. O-O d6 7. d3 {[%cal Bd2d3,Bd3d4][%mdl 32]} Re8 {A29: English Opening: Four Knights Variation with 4 g3} 8. Nd5 Nxd5 9. cxd5 Ne7 {LiveBook: 6 Games. The position is equal.} 10. d4 e4 ({But not} 10... Nxd5 $6 11. Qb3 $16) 11. Ng5 h6 12. Nxe4 Nxd5 13. a3 Ba5 $1 14. Nd2 Nf6 {[#]} 15. b4 $146 ({Predecessor:} 15. Nc4) 15... Bb6 16. e3 c6 17. a4 a5 18. bxa5 Bxa5 19. Qc2 d5 20. Nb3 Bc7 21. Bd2 Bg4 22. a5 Be2 23. Rfb1 Ne4 (23... Bb5 $11) 24. Nc5 (24. Bxe4 $5 dxe4 25. Nc5 $16) 24... Nxc5 25. Qxc5 Ba6 26. Bf1 {White wants to play Bxa6.} Bd6 27. Qb6 {Threatening Bxa6.} Bc7 28. Qc5 Bd6 29. Qb6 {next Bxa6 is good for White.} (29. Qc2 {feels hotter.} Bxf1 30. Kxf1 Qd7 31. Kg2 Reb8 32. Ra2) 29... Bc7 30. Qb3 (30. Qb2 {looks sharper.} Bxf1 31. Rxf1 Qd7 32. Rfc1 Bd6 33. Rc3) 30... Bxf1 31. Kxf1 Ra7 32. Qd3 Qa8 33. Bc3 Qc8 34. Kg2 h5 35. h4 g6 36. Rb3 Qg4 37. Rab1 Bxa5 38. Bxa5 Rxa5 39. Rxb7 Ra2 40. R1b2 Rxb2 41. Rxb2 Qe4+ 42. Qxe4 dxe4 $11 {[%mdl 4096] Endgame KR-KR} 43. Kh3 Re6 44. g4 hxg4+ 45. Kxg4 Kf8 46. Kf4 Ke7 47. Ra2 Ke8 48. Rb2 Ke7 49. Rc2 Kd6 50. Kg5 Ke7 51. Rc5 Kf8 52. h5 gxh5 53. Rf5 Rg6+ (53... Ke7 $14) 54. Kxh5 $16 Ke7 55. Rf4 Rg2 56. Kh4 ({White should try} 56. Rxe4+ $16 Kd7 57. Rf4) 56... Ke6 ({Better is} 56... f6 $14) 57. Rxe4+ Kd6 58. Rf4 Ke6 59. Kh3 Rg5 60. Re4+ Kd6 61. Rg4 Rd5 {[#]} (61... Rb5 $16 62. Rg8 Rb2) 62. Rg8 $1 $18 Kd7 63. Ra8 Rg5 64. Ra7+ Ke8 65. Rc7 Rg6 66. Rb7 Kf8 67. Kh2 Ke8 68. Ra7 Kf8 {[#]} (68... Rg4 $16 69. Rb7 Rg6) 69. Ra1 $1 Ke7 70. Rg1 {Black must now prevent Rxg6.} Rh6+ 71. Kg2 Kd6 72. Rc1 Rh5 73. Kf3 Rf5+ 74. Ke2 Ra5 75. Rc2 Rb5 76. Kf3 Ra5 77. Kf4 Rb5 78. f3 Ra5 79. Rh2 f6 $2 (79... Ke7 80. Rh6 f6) 80. e4 {[%cal Be3e4,Be4e5][%mdl 32]} Ke6 81. Rc2 {White is clearly winning.} Kd6 {[#]} (81... Kd7 $142 82. Rc3 Ra4) 82. e5+ $1 {[%mdl 512]} Kd7 (82... fxe5+ 83. dxe5+) 83. Kf5 {Precision: White = 72%, Black = 52%.} 1-0

[Event "70th RUS-ch Superfinal Men 2017"]
[Site "St. Petersburg"]
[Date "2017.12.05"]
[Round "3"]
[White "Volkov, Sergey"]
[Black "Svidler, Peter"]
[Result "0-1"]
[WhiteElo "2645"]
[BlackElo "2765"]
[Annotator "TA"]
[PlyCount "64"]
[EventDate "2017.??.??"]
[EventType "tourn"]
[EventCountry "RUS"]
[SourceTitle "playchess.com"]
[Source "ChessBase"]
[SourceQuality "1"]

{[%evp 17,64,-5,15,-27,-33,-31,-21,-32,-24,-22,-23,-19,-27,-34,-22,-25,-24,-55,-52,-58,-29,-30,0,0,30,-2,-15,-50,-39,-83,-83,-100,-85,-614,-596,-657,-645,-1388,-1237,-29977,-1900,-29985,-29986,-29990,-29991,-29997,-29998,-29998,-29999]} 1. d4 Nf6 2. c4 g6 3. Nc3 d5 4. Nf3 Bg7 5. Qb3 dxc4 6. Qxc4 Be6 7. Qa4+ {D96: Grünfeld: Russian System (5 Qb3): sidelines} (7. Qb5+ Nc6 8. Qxb7 Bd7 9. Qb3 Rb8 10. Qd1 Bf5 11. a3 O-O 12. e3 e5 13. Be2 exd4 14. exd4 Ne4 {½-½ (37) Lenic,L (2641)-Gupta,A (2645) chess.com INT 2017}) 7... Bd7 8. Qb3 c5 9. d5 b5 {LiveBook: 3 Games} 10. e4 b4 $146 ({Predecessor:} 10... c4 11. Qc2 Na6 12. a3 Qa5 13. Bd2 b4 14. e5 bxc3 15. Bxc3 Qxd5 16. exf6 exf6 {0-1 (70) Santos,A (2288)-Greenfeld,A (2535) Oeiras 2015}) 11. e5 bxc3 12. exf6 Bxf6 13. bxc3 O-O 14. Bh6 Re8 15. Bc4 Bg4 16. Nd2 Nd7 17. h3 Rb8 18. Qa3 Bf5 {aiming for ...Ne5.} 19. O-O {Threatening g4.} Ne5 20. Bf4 Rb7 21. Bxe5 Bxe5 22. f4 Bd6 $36 {[%mdl 2048] Black has good play.} 23. g4 e6 {[%cal Be7e6,Be6d5][%mdl 32] Strongly threatening ...exd5.} 24. gxf5 {[#]} exd5 $1 25. Ba6 $2 {[%mdl 8192] [#]} (25. Qa4 $17 dxc4 26. Nxc4) 25... c4 $1 $19 26. Qa4 Rb2 27. Nf3 Ree2 28. Qc6 Qe7 29. Qa8+ Bb8 {Black mates.} 30. Qxd5 Bxf4 31. Rfe1 Qe3+ 32. Kh1 {[#]} Rh2+ $1 {[%mdl 512] Precision: White = 21%, Black = 89%.} 0-1

[Event "70th RUS-ch Superfinal Men 2017"]
[Site "St. Petersburg"]
[Date "2017.12.06"]
[Round "4"]
[White "Matlakov, Maxim"]
[Black "Fedoseev, Vladimir"]
[Result "0-1"]
[WhiteElo "2735"]
[BlackElo "2718"]
[Annotator "TA"]
[PlyCount "68"]
[EventDate "2017.??.??"]
[EventType "tourn"]
[EventCountry "RUS"]
[SourceTitle "playchess.com"]
[Source "ChessBase"]
[SourceQuality "1"]

{[%evp 12,68,9,26,40,-47,52,56,59,56,87,79,106,92,133,98,139,79,91,83,81,89,100,104,108,102,79,72,108,0,0,0,0,0,-1,-79,-85,-80,-85,-84,-77,-80,-83,-132,-133,-187,-183,-177,-175,-178,-185,-179,-179,-160,-151,-374,-394,-420,-348]} 1. d4 d5 2. c4 c6 3. Nf3 Nf6 4. Nc3 a6 5. Qc2 dxc4 6. e4 {D15: Slav Defence: 4 Nc3 a6 and gambit lines after 4 Nc3 dxc4} b5 7. b3 {LiveBook: 12 Games} b4 8. Na4 $146 (8. Nd1 $14) ({Predecessor:} 8. Nd1 c3 9. a3 e6 10. axb4 Bxb4 11. Ba3 c5 12. dxc5 Bxa3 13. Rxa3 {½-½ (23) Gelfand,B (2744)-Tomashevsky,E (2749) Khanty-Mansiysk 2015}) 8... cxb3 (8... c3 $15) 9. axb3 $14 e6 $1 10. Bd3 {[%mdl 1024] White has compensation.} Be7 11. O-O h6 12. Bf4 O-O 13. Qd2 Nh7 14. Rfc1 ({White should play} 14. Rac1) 14... Ng5 $16 15. Nxg5 hxg5 16. Be3 Nd7 17. Rxc6 Bb7 18. Rc4 a5 19. Rac1 Rb8 20. Nc5 ({White should try} 20. Qe2 $16) 20... Nxc5 $1 $11 21. dxc5 {Threatens to win with c6.} Bc6 22. e5 Qd5 {[%csl Gc6][%cal Rd5g2]} 23. Be4 (23. Rg4 $1 $11 {remains equal.}) 23... Qxd2 $17 24. Bxd2 Bxe4 25. Rxe4 Rfd8 $1 {[%cal Rd8d2]} 26. Be3 Rd3 27. c6 Rxb3 28. c7 (28. Rd4 $17 {was worth a try.} Rc8 29. c7) 28... Rc8 $19 29. Rd4 {[#] Threatening Rd7.} Kf8 $1 30. Rd7 {[#] Black must now prevent Bc5.} Ke8 $1 $36 {[%cal Re8d7][%mdl 2048] Black is in control.} 31. Rcd1 {[#] Bc5! is the strong threat.} Rxe3 $1 {[%mdl 512]} 32. fxe3 a4 {[%cal Ba5a4,Ba4a3][%mdl 32]} 33. Kf2 $2 (33. R7d6 $17 Bxd6 34. exd6) 33... a3 34. Kf3 f6 {Precision: White = 41%, Black = 55%.} 0-1

[Event "70th RUS-ch Superfinal Men 2017"]
[Site "St. Petersburg"]
[Date "2017.12.06"]
[Round "4"]
[White "Tomashevsky, Evgeny"]
[Black "Vitiugov, Nikita"]
[Result "1/2-1/2"]
[WhiteElo "2713"]
[BlackElo "2722"]
[Annotator "TA"]
[PlyCount "35"]
[EventDate "2017.??.??"]
[EventType "tourn"]
[EventCountry "RUS"]
[SourceTitle "playchess.com"]
[Source "ChessBase"]
[SourceQuality "1"]

{[%evp 15,35,18,12,12,25,14,8,0,0,0,0,0,0,-11,-6,-7,0,0,0,-20,3,0]} 1. e4 c5 2. Nf3 d6 3. Bb5+ Nd7 4. O-O Ngf6 5. Re1 a6 6. Bxd7+ Bxd7 7. e5 {B51: Sicilian: Moscow Variation (3 Bb5+) without 3...Bd7} dxe5 8. Nxe5 Rc8 {LiveBook: 4 Games} 9. d3 e6 10. Nc3 Be7 {The position is equal.} 11. Qf3 Bc6 12. Nxc6 Rxc6 13. Bf4 $146 ({Predecessor:} 13. Qg3 O-O 14. Ne4 Qd5 {0-1 (32) Toufighi,H (2347)-Ghaem Maghami,E (2584) Dubai 2006}) 13... O-O 14. Be5 Nd7 15. Bf4 Nf6 16. Be5 Nd7 17. Bf4 Nf6 18. Be5 1/2-1/2